000 00733nam a2200265 i 4500
001 C2-0227202
003 PPAK
005 20180728154712.0
008 000713s1996 xx a|||| ||||| | eng d
020 _a0694010480
040 _aPPAK
_beng
_cPPAK
_erda
082 0 4 _a428.6
_223
090 0 0 _a428.6
_bSCH
_dK
100 1 _aSchulz, Charles M.,
_eauthor
245 1 0 _aTravels with my cactus
264 1 _a[place of publication not identified] :
_bHarper Festival ,
_c1996
300 _a[n.p.] :
_bcolour illustrations ;
_c21 cm
336 _2rdacontent
_atext
337 _2rdamedia
_aunmediated
338 _2rdacarrier
_avolume
490 1 _aPeanuts gang
650 1 0 _aReaders
830 0 _aPeanuts gang
942 _ddc
_cB
999 _c147331
_d147331